banner-ar

التلفزيون الملون : (Record no. 64754)

MARC details
000 -الفاتح
حقل البيانات ثابتة الطول 00876nam a2200253Ia 4500
005 - وقت وتاريخ اخر تعامل مع التسجيلة
رقم الضبط 20240530110748.0
008 - عناصر البيانات ثابتة الطول - معلومات عامة
حقل البيانات ثابتة الطول 140319s9999 xx 000 0 ara d
040 ## - مصدر الفهرسة
وكالة الفهرسة الأصلية GCL /
وكالة النسخ GCL
082 04 - رقم تصنيف ديوى العشرى
رقم التصنيف 621.38 \
رقم المادة ف ت
100 0# - المدخل الرئيسى - إسم شخصى
الإسم الشخصى فاروق سيد حسين
245 10 - بيان العنوان
العنوان التلفزيون الملون :
بقية العنوان هندسة صيانة واصلاح الاعطال /
بيان المسئوليه,etc فاروق سيد حسين ، فاروق محمد العامرى
260 ## - PUBLICATION, DISTRIBUTION, ETC. (IMPRINT)
تاريخ النشر أو التوزيع 1987
300 ## - الوصف المادى
التعداد 474 ص ؛
أبعاد الوعاء 24سم
490 ## - بيان السلسلة
عنوان السلسلة موسوعة عالم الالكترونيات
رقم المجلد/ التعيين التسلسلي 7
650 04 - المدخل الاضافى بالموضوع-مصطلح موضوعى
مصطلح موضوعي الصيانة
650 04 - المدخل الاضافى بالموضوع-مصطلح موضوعى
مصطلح موضوعي تصليح
650 04 - المدخل الاضافى بالموضوع-مصطلح موضوعى
مصطلح موضوعي الهندسة
650 04 - المدخل الاضافى بالموضوع-مصطلح موضوعى
مصطلح موضوعي تصميم
650 04 - المدخل الاضافى بالموضوع-مصطلح موضوعى
مصطلح موضوعي التليفزيون الملون
650 04 - المدخل الاضافى بالموضوع-مصطلح موضوعى
مصطلح موضوعي التليفزيون
700 1# - المدخل الاضافى - اسم شخصى
الإسم الشخصى فاروق سيد حسين
942 ## - عناصر المدخل الإضافي( كوها)
مصدر التصنيف او مخطط الترفيف Dewey Decimal Classification
Koha [default] item type كتاب
260 ## - PUBLICATION, DISTRIBUTION, ETC. (IMPRINT)
-- بيروت :
-- دار الراتب الجامعية ،
Holdings
حالة التراجع حالة الفقد مصدر التصنيف او خطة الترفيف حالة تلف ليس للاعارة المكان المؤقت الموقع الحالى موقع الترفيف تاريخ الاكتساب اجمالي اﻻعارات رقم الطلب الباركود تاريخ اخر مشاهدة تاريخ تفعيل السعر نوع وعاء كوها
    ddc     مكتبة القاهرة الكبرى مكتبة القاهرة الكبرى   12/11/2018   621.38 \ ف ت 165239 12/11/2018 12/11/2018 كتاب
    ddc     مكتبة القاهرة الكبرى مكتبة القاهرة الكبرى   12/11/2018   621.38 \ ف ت 165240 12/11/2018 12/11/2018 كتاب
    ddc     مكتبة القاهرة الكبرى مكتبة القاهرة الكبرى   12/11/2018   621.38 \ ف ت 165241 12/11/2018 12/11/2018 كتاب
    ddc     مكتبة القاهرة الكبرى مكتبة القاهرة الكبرى   12/11/2018   621.38 \ ف ت 165242 12/11/2018 12/11/2018 كتاب

Powered By

EGPV